Представление документа в формате RUSMARC

ПолеНазваниеЗначение
  Тип записи a
  Библиографический уровень m
001 Контрольный номер RU/SLIB/B/208765913
005 Дата корректировки 20201206204240.2
010 Индекс ISBN __
a ISBN 5-7793-0198-0
d Цена 28-35
101 Язык документа __
a Язык текста rus
200 Заглавие и сведения об ответственности __
a Заглавие Петр I
e Сведения, относящиеся к заглавию для мл. и сред. шк. возраста
f Первые сведения об ответственности Ю. Крутогоров ; ил. А. Митрофанова
b Общее обозначение материала Текст
210 Выходные данные __
a Место издания М.
c Издательство Белый город
d Дата издания 2001
215 Физическое описание __
a Объем 48 с.
c Иллюстрации/тип воспроизводства ил.
225 Серия __
a Серия История России
330 Аннотация __
a Аннотация Повесть о великом русском царе Петре Первом. Он и сам жил во благо своей страны, и других наставлял: "Делайте добро Отечеству, служите верой и правдой".
600 Персоналии __
a Персоналии (Фамилия) Романовы
600 Персоналии __
a Персоналии (Фамилия) Петр
600 Персоналии __
a Персоналии (Фамилия) Петр Великий
606 Тематические рубрики __
a Основная рубрика История
y Географическая подрубрика Россия ; РФ ; Российская Федерация
606 Тематические рубрики __
a Основная рубрика Россия в XVIII в. - 1917 г.
610 Ключевые слова __
a Ключевые слова императоры; биографии; династии; персоналии
686 Индексы других классификаций __
a Классификационный индекс ст63.3(2)511-8
700 Автор __
a Фамилия Крутогоров
b Имя Ю. А.
4 Код отношения 070
702 Вторичная интеллектуальная ответственность __
a Фамилия Митрофанов
b Имя А.
4 Код отношения Иллюстрации
801 Источник записи _0
a Страна RU
b Организация Муниципальное бюджетное учреждение культуры "Централизованная библиотечная система" г. Сургут (Центральная городская библиотека им. А. С. Пушкина)
g Правила каталогизации КиК/Поспелова
801 Источник записи _1
a Страна RU
b Организация Муниципальное бюджетное учреждение культуры "Централизованная библиотечная система" г. Сургут (Центральная городская библиотека им. А. С. Пушкина)
g Правила каталогизации КиК/Поспелова
852 Данные о местонахождении __
j Шифр хранения ст63.3(2)511-8
c Каталожный индекс ст63.3(2)511-8
i Авторский знак К 84
p Инвентарный номер 04050743
901 Тип документа __
t Тип документа m
903 Характеристики (МАРС) __
a Дата передачи 20040506
990 Данные о заказе (DOS) __
j Количество экземпляров (DOS) 1
t N записи в КСУ для И/У (DOS) 200405